| 000 | 00924nam a2200289 a 4500 | ||
|---|---|---|---|
| 001 | 86300 | ||
| 003 | BD-RjUL | ||
| 005 | 20260402101738.0 | ||
| 008 | 260402s20242023ii a b 001 0 eng | ||
| 020 | _a9789357054287 | ||
| 035 | _a(BD-RjUL)86300 | ||
| 040 |
_aDLC _beng _erda _cDLC _dDLC _dBD-RjUL |
||
| 041 | _aeng | ||
| 082 | 0 | 0 |
_223 _a658.3 _bDEH 2024 |
| 100 | 1 |
_aDessler, Gary, _d1942- _eauthor. _917971 |
|
| 245 | 1 | 0 |
_aHuman resource management / _cGary Dessler , Biju varkkey |
| 250 | _aSeventeenth edition. | ||
| 264 | 1 |
_aNodia: _bPearson Education (India) _cc2023, [impression 2024] |
|
| 300 |
_axxxvi, 683 pages : _billustrations ; _c29 cm |
||
| 336 |
_atext _btxt _2rdacontent |
||
| 337 |
_aunmediated _bn _2rdamedia |
||
| 338 |
_avolume _bnc _2rdacarrier |
||
| 504 | _aIncludes bibliographical references and index. | ||
| 650 | 0 | _aPersonnel management. | |
| 700 |
_avarkkey, Biju _917972 |
||
| 942 |
_2ddc _cBK |
||
| 999 |
_c86300 _d86300 |
||